| 000 | 00567nam a22001697a 4500 | ||
|---|---|---|---|
| 003 | PILC | ||
| 005 | 20250217114735.0 | ||
| 008 | 150605b xxu||||| |||| 00| 0 eng d | ||
| 050 |
_aQA 76.5 _b.D946 2010 |
||
| 100 | _aDuque, Jr, Fermin Embili. | ||
| 245 |
_aOnline ordering for joel's d autoparts center / _cFermin Embili Duque Jr. |
||
| 260 |
_aLas PiƱas City : _bSISC, _c2010. |
||
| 300 |
_aviii, 38 pages : _billustrations ; _c28 cm. + _e1 CD. |
||
| 500 | _aIncludes bibliographical references and indexes. | ||
| 650 | _aManagement system. | ||
| 942 |
_2lcc _cTH _kLOC |
||
| 999 |
_c284752 _d284752 |
||